|
|
|
|
| LEADER |
00000nam0a2200000 4500 |
| 001 |
103514 |
| 005 |
20231031113657.0 |
| 035 |
|
|
|a (RuTPU)RU\TPU\book\111605
|
| 035 |
|
|
|a RU\TPU\book\99328
|
| 090 |
|
|
|a 103514
|
| 100 |
|
|
|a 20061018d1985 m y0rusy50 ca
|
| 101 |
1 |
|
|a rus
|c eng
|
| 102 |
|
|
|a RU
|
| 105 |
|
|
|a y z 000ab
|
| 200 |
1 |
|
|a Муки радости
|e роман о Микеланджело
|e пер. с англ.
|f И. Стоун
|
| 210 |
|
|
|a Москва
|c Художественная литература
|d 1985
|
| 215 |
|
|
|a 766 с.
|
| 610 |
1 |
|
|a романы
|
| 610 |
1 |
|
|a история
|
| 610 |
1 |
|
|a художники
|
| 610 |
1 |
|
|a Италия
|
| 675 |
|
|
|a 82
|v 3
|
| 700 |
|
1 |
|a Стоун
|b И.
|g Ирвинг
|
| 801 |
|
0 |
|a RU
|b 63413507
|c 20011209
|g PSBO
|
| 801 |
|
2 |
|a RU
|b 63413507
|c 20070222
|g PSBO
|
| 942 |
|
|
|c BK
|